Sports Quiz

Random Sports or WWE Quiz

WWE Countdown Quiz Stats

Quiz Updated Aug 1, 2016

Also try: Most WWE Belts
Challenge
Share
Tweet
Embed
Score 0/59 Timer 10:00
0 Plays Today
Category Answer % Correct
9 Ministry of Darkness MembersUndertaker
94.7%
7 Kane Tag Team Championship PartnersUndertaker
94.7%
6 Armageddon Hell in a Cell Match ParticipantsUndertaker
94.7%
1 ChairmanMr. McMahon
89.5%
4 'Big 4' PPVsWrestleMania
86.3%
6 Armageddon Hell in a Cell Match ParticipantsTriple H
86.2%
14 Superstars in a WrestleMania Opening and Closing MatchTriple H
86.2%
14 Superstars in a WrestleMania Opening and Closing MatchRoman Reigns
85.8%
2 Flagship TV ShowsRaw
85.8%
5 SmackDown! GamesSmackDown!
85.6%
2 Flagship TV ShowsSmackDown
85.6%
14 Superstars in a WrestleMania Opening and Closing MatchSeth Rollins
85.1%
3 Shield MembersRoman Reigns
84.9%
3 Shield MembersSeth Rollins
84.1%
4 'Big 4' PPVsSummerSlam
84.1%
3 Shield MembersDean Ambrose
83.9%
8 Original Nexus MembersDaniel Bryan
83.9%
7 Kane Tag Team Championship PartnersDaniel Bryan
83.9%
14 Superstars in a WrestleMania Opening and Closing MatchDaniel Bryan
83.8%
4 'Big 4' PPVsRoyal Rumble
82.9%
6 Armageddon Hell in a Cell Match ParticipantsThe Rock
80.8%
6 Armageddon Hell in a Cell Match ParticipantsSteve Austin
77.8%
8 Original Nexus MembersWade Barrett
77.2%
14 Superstars in a WrestleMania Opening and Closing MatchJohn Cena
75.9%
4 'Big 4' PPVsSurvivor Series
75.3%
14 Superstars in a WrestleMania Opening and Closing MatchBig Show
74.4%
7 Kane Tag Team Championship PartnersBig Show
74.4%
14 Superstars in a WrestleMania Opening and Closing MatchEdge
72.5%
9 Ministry of Darkness MembersEdge
72.5%
14 Superstars in a WrestleMania Opening and Closing MatchShawn Michaels
70.4%
Category Answer % Correct
9 Ministry of Darkness MembersChristian
65.6%
8 Original Nexus MembersHeath Slater
64.6%
6 Armageddon Hell in a Cell Match ParticipantsKurt Angle
64%
14 Superstars in a WrestleMania Opening and Closing MatchRandy Orton
61.5%
7 Kane Tag Team Championship PartnersMankind
61.5%
8 Original Nexus MembersJustin Gabriel
58.1%
8 Original Nexus MembersDavid Otunga
56.8%
6 Armageddon Hell in a Cell Match ParticipantsRikishi
56%
14 Superstars in a WrestleMania Opening and Closing MatchChris Jericho
55.3%
9 Ministry of Darkness MembersBradshaw
55%
9 Ministry of Darkness MembersGangrel
52.9%
9 Ministry of Darkness MembersFaarooq
52.4%
14 Superstars in a WrestleMania Opening and Closing MatchBret Hart
50.9%
9 Ministry of Darkness MembersViscera
50.6%
8 Original Nexus MembersSkip Sheffield
49.5%
8 Original Nexus MembersDarren Young
49%
7 Kane Tag Team Championship PartnersX-Pac
48.4%
7 Kane Tag Team Championship PartnersRob Van Dam
45.9%
8 Original Nexus MembersMichael Tarver
43.5%
5 SmackDown! GamesSmackDown! Here Comes the Pain
42.7%
9 Ministry of Darkness MembersMideon
42.2%
14 Superstars in a WrestleMania Opening and Closing MatchThe Miz
39.9%
5 SmackDown! GamesSmackDown! 2: Know Your Role
39.9%
9 Ministry of Darkness MembersPaul Bearer
38.5%
5 SmackDown! GamesSmackDown! Shut Your Mouth
32.2%
5 SmackDown! GamesSmackDown! Just Bring It
29.4%
7 Kane Tag Team Championship PartnersHurricane
27.7%
14 Superstars in a WrestleMania Opening and Closing MatchYokozuna
26%
14 Superstars in a WrestleMania Opening and Closing MatchPaul Orndorff
12.6%

You're not logged in!

Compare scores with friends on all Sporcle quizzes.
Join for Free
OR
Log In

You Might Also Like...

Show Comments

Extras

Top Quizzes Today


Score Distribution

Your Account Isn't Verified!

In order to create a playlist on Sporcle, you need to verify the email address you used during registration. Go to your Sporcle Settings to finish the process.

Report this User

Report this user for behavior that violates our Community Guidelines.

Details: